THE INCREDIBLE : (Record no. 177385)

MARC details
000 -LEADER
fixed length control field 01866nam a22003491i 4500
005 - DATE AND TIME OF LATEST TRANSACTION
control field 20200602115722.0
008 - FIXED-LENGTH DATA ELEMENTS--GENERAL INFORMATION
fixed length control field 200602t20112010nyua j 6 000 1 eng d
020 ## - INTERNATIONAL STANDARD BOOK NUMBER
International Standard Book Number 9780785150015
Terms of availability RM 49.83
Qualifying information paperback
040 ## - CATALOGING SOURCE
Original cataloging agency PPAK
Language of cataloging eng
Transcribing agency PPAK
Description conventions rda
082 04 - DEWEY DECIMAL CLASSIFICATION NUMBER
Edition number 23
Classification number 741.5
090 00 - LOCALLY ASSIGNED LC-TYPE CALL NUMBER (OCLC); LOCAL CALL NUMBER (RLIN)
Classification number (OCLC) (R) ; Classification number, CALL (RLIN) (NR) 741.5
Feature heading PAK
Feature heading G
100 1# - MAIN ENTRY--PERSONAL NAME
Personal name Pak, Greg
Relator term author.
245 14 - TITLE STATEMENT
Title THE INCREDIBLE :
Remainder of title DARK SON /
Statement of responsibility, etc. WRITER: GREG PAK
264 #1 - PRODUCTION, PUBLICATION, DISTRIBUTION, MANUFACTURE, AND COPYRIGHT NOTICE
Place of production, publication, distribution, manufacture New York, NY:
Name of producer, publisher, distributor, manufacturer MARVEL WORLDWIDE, INC.,
Date of production, publication, distribution, manufacture, or copyright notice 2011
Date of production, publication, distribution, manufacture, or copyright notice ©2010
300 ## - PHYSICAL DESCRIPTION
Extent 1 volume (unpaged) :
Other physical details chiefly color illustrations ;
Dimensions 26 cm.
336 ## - CONTENT TYPE
Source rdacontent
Content type term text
-- still image
337 ## - MEDIA TYPE
Source rdamedia
Media type term unmediated
338 ## - CARRIER TYPE
Source rdacarrier
Carrier type term volume
490 1# - SERIES STATEMENT
Series statement HULK
500 ## - GENERAL NOTE
General note "Contains material originally published in magazine form as Incredible Hulks #612-617."
505 0# - FORMATTED CONTENTS NOTE
Title Chapters 1&4/
Statement of responsibility Writer: Greg Pak ; Pencils: Tom Raney ; Inks: Scott Hanna ; Colors: John Rauch
Title Chapters 2-3/
Statement of responsibility Writer: Greg Pak & Scott Reed ; Pencils: Brian Ching ; Inks: Victor Olazaba ; Colors: Jorge Maese
Title Chapters 5-8/
Statement of responsibility Writer: Greg Pak ; Pencils/Breakdowns: Barry Kitson ; Inks/Finishes: Barry Kitson & Scott Hanna with Jay Leistein ; Colors: Matt Milla ; Letters: Simon Bowland
520 ## - SUMMARY, ETC.
Summary, etc. As the dark son rises, the universe will fall! All his life, the Hulk has wanted to be left alone; now, he's got a big, bad family to keep up with. They'd better stick together no matter how uncomfortable this new arrangement may be for all concerned, because one more addition to the family is making his way across the galaxy: the world-shattering Hiro-Kala.
650 10 - SUBJECT ADDED ENTRY--TOPICAL TERM
Topical term or geographic name entry element Incredible Hulk (Fictitious character)
Form subdivision Comic books, strips, etc.
Topical term or geographic name entry element Hulk (Fictitious character)
Form subdivision Comic books, strips, etc.
655 #0 - INDEX TERM--GENRE/FORM
Genre/form data or focus term Comic books, strips, etc.
Genre/form data or focus term Graphic novels
830 #0 - SERIES ADDED ENTRY--UNIFORM TITLE
Uniform title HULK
942 ## - ADDED ENTRY ELEMENTS (KOHA)
Source of classification or shelving scheme Dewey Decimal Classification
Koha item type Book
Holdings
Withdrawn Not for loan Current library Shelving location Date acquired Total Checkouts Total Renewals Full call number Barcode Date last seen Date last checked out Koha item type
    Perpustakaan Alor Setar Pinjaman Dewasa 24/06/2020 6 2 741.5 PAK A01644309 06/07/2025 16/06/2025 Book
    Perpustakaan Awam Sungai Petani Pinjaman Dewasa 24/06/2020 2   741.5 PAK A01644310 31/05/2025 28/05/2024 Book
    Perpustakaan Kulim Pinjaman Dewasa 24/06/2020 4   741.5 PAK A01644311 09/02/2025 18/01/2025 Book